000
00299nam a2200133Ia 4500
100
_a
Kittel/C
942
_c
BK
654
_a
solid state physics
245
_a
Solid State Physics
260
_b
WILEY EASTERN LIMITED
_a
New Delhi
_c
1986
082
_a
530.41
_b
KIT
300
_a
599
546
_a
ENGLISH
999
_c
33212
_d
33212